Chelsea FC Squad 2021-2022 - Statistics

General Stats
  • This quiz has been taken 1,369 times
    1,112 since last reset
  • The average score is 21 of 28
Answer Stats
# Position Nation Player % Correct
1 GK Spain Kepa Arrizabalaga
98%
2 DF Germany Antonio Rüdiger
96%
10 FW United States Christian Pulisic
95%
16 GK Senegal Édouard Mendy
95%
7 MF France N'Golo Kanté
94%
5 MF Italy Jorginho
93%
8 MF Croatia Mateo Kovačić
92%
9 FW Belgium Romelu Lukaku
91%
6 DF Brazil Thiago Silva
91%
11 FW Germany Timo Werner
91%
4 DF Denmark Andreas Christensen
90%
28 DF Spain César Azpilicueta
90%
29 MF Germany Kai Havertz
90%
19 MF England Mason Mount
87%
- Coach Germany Thomas Tuchel
86%
22 MF Morocco Hakim Ziyech
85%
3 DF Spain Marcos Alonso
84%
24 DF England Reece James
80%
21 DF England Ben Chilwell
72%
12 MF England Ruben Loftus-Cheek
65%
14 DF England Trevoh Chalobah
58%
20 FW England Callum Hudson-Odoi
55%
17 MF Spain Saúl Ñíguez
43%
32 DF France Malang Sarr
41%
18 MF England Ross Barkley
40%
13 GK England Marcus Bettinelli
37%
23 MF Brazil Kenedy
23%
34 MF England Lewis Baker
6%
No matching quizzes found
Score Distribution
Percent of People with Each Score
Percentile by Number Answered
Your Score History
You have not taken this quiz since the last reset